<?xml version="1.0" encoding="UTF-8"?>
<record
    xmlns:xsi="http://www.w3.org/2001/XMLSchema-instance"
    xsi:schemaLocation="http://www.loc.gov/MARC21/slim http://www.loc.gov/standards/marcxml/schema/MARC21slim.xsd"
    xmlns="http://www.loc.gov/MARC21/slim">

  <leader>00512nam a22001457a 4500</leader>
  <controlfield tag="005">20250915121951.0</controlfield>
  <controlfield tag="008">250829b        |||||||| |||| 00| 0 eng d</controlfield>
  <datafield tag="100" ind1=" " ind2=" ">
    <subfield code="a">Chepngeno, Korir Grace</subfield>
  </datafield>
  <datafield tag="245" ind1=" " ind2=" ">
    <subfield code="a">APPRAISAL OF THE MANUAL HUMAN RESOURCE RECORDS KEEPING SYSTEMS AT TELKOM KENYA:A CASE OF THE CENTRAL RIFT VALLEY REGION</subfield>
  </datafield>
  <datafield tag="260" ind1=" " ind2=" ">
    <subfield code="a">KISII UNIVERSITY,</subfield>
    <subfield code="b">KISII UNIVERISTY PRESS,</subfield>
    <subfield code="c">2005,</subfield>
  </datafield>
  <datafield tag="300" ind1=" " ind2=" ">
    <subfield code="a">iX, 50 P, iLL</subfield>
  </datafield>
  <datafield tag="500" ind1=" " ind2=" ">
    <subfield code="a">Includes bibliographical references</subfield>
  </datafield>
  <datafield tag="650" ind1=" " ind2=" ">
    <subfield code="a">Business</subfield>
  </datafield>
  <datafield tag="942" ind1=" " ind2=" ">
    <subfield code="2">lcc</subfield>
    <subfield code="c">REF</subfield>
  </datafield>
  <datafield tag="999" ind1=" " ind2=" ">
    <subfield code="c">216053</subfield>
    <subfield code="d">216053</subfield>
  </datafield>
  <datafield tag="952" ind1=" " ind2=" ">
    <subfield code="0">0</subfield>
    <subfield code="1">0</subfield>
    <subfield code="2">lcc</subfield>
    <subfield code="4">0</subfield>
    <subfield code="7">0</subfield>
    <subfield code="8">BUS</subfield>
    <subfield code="9">372906</subfield>
    <subfield code="a">KSUL</subfield>
    <subfield code="b">KSUL</subfield>
    <subfield code="c">DISPLAY</subfield>
    <subfield code="d">2025-08-29</subfield>
    <subfield code="i">108030</subfield>
    <subfield code="l">0</subfield>
    <subfield code="o">THE: HF 5635 .C4.42 2005</subfield>
    <subfield code="p">000000024634</subfield>
    <subfield code="r">2025-08-29 10:33:55</subfield>
    <subfield code="t">C.1</subfield>
    <subfield code="w">2025-08-29</subfield>
    <subfield code="y">REF</subfield>
  </datafield>
</record>
